[Event "CP-2013-P-00008"]
[Site "LSS email"]
[Date "2013.09.30"]
[Round "?"]
[White "Furriol Gavalda, Emili"]
[Black "Bendig, Frank"]
[Result "0-1"]
[WhiteElo "1189"]
[BlackElo "2134"]
[PlyCount "58"]
[EventDate "2013.10.01"]
[EventType "tourn (corr)"]
[EventRounds "6"]
[EventCountry "GER"]
[SourceTitle "Telechess CBM 167"]
[Source "ChessBase"]
[SourceDate "2015.07.13"]
[SourceVersion "1"]
[SourceVersionDate "2015.07.13"]
[SourceQuality "1"]

1. Nf3 g6 2. e4 Bg7 3. Bc4 c5 4. Ng5 e6 5. h4 d5 6. Bb5+ Bd7 7. Qf3 Nf6 8. e5 Bxb5 9. exf6 Bxf6 10. d3 h6 11. Nc3 Bxc3+ 12. bxc3 hxg5 13. Bxg5 Qxg5 14. hxg5 Rxh1+ 15. Kd2 Rxa1 16. d4 Nd7 17. Qh3 Ke7 18. Qf3 Rxa2 19. Qe2 Bxe2 20. Kxe2 Rxc2+ 21. Kd3 Rxf2 22. Ke3 cxd4+ 23. Kxf2 dxc3 24. Ke2 Rc8 25. Kd1 c2+ 26. Kc1 Ne5 27. g3 Rc3 28. g4 Nxg4 29. Kb2 c1Q+ 0-1

[Event "CP-2013-P-00008"]
[Site "LSS email"]
[Date "2013.09.30"]
[Round "?"]
[White "Voudouris, Nick"]
[Black "Furriol Gavalda, Emili"]
[Result "1-0"]
[WhiteElo "1448"]
[BlackElo "1189"]
[PlyCount "51"]
[EventDate "2013.10.01"]
[EventType "tourn (corr)"]
[EventRounds "6"]
[EventCountry "GER"]
[SourceTitle "Telechess CBM 167"]
[Source "ChessBase"]
[SourceDate "2015.07.13"]
[SourceVersion "1"]
[SourceVersionDate "2015.07.13"]
[SourceQuality "1"]

1. d4 Nf6 2. f4 d5 3. e3 Ne4 4. Bd3 f5 5. Nf3 c6 6. 0-0 Nd7 7. Nbd2 Nef6 8. Bxf5 g6 9. Bd3 Bg7 10. Ne5 Nh5 11. Nxg6 hxg6 12. Bxg6+ Kf8 13. Bxh5 Nf6 14. Bg6 Bg4 15. Nf3 Rh6 16. Bd3 Kf7 17. Ne5+ Kg8 18. Nxg4 Rh5 19. Nxf6+ exf6 20. Qxh5 Kf8 21. Bd2 Rc8 22. Bb4+ Kg8 23. Qh7+ Kf7 24. Bg6+ Ke6 25. Qh3+ f5 26. Qxf5# 1-0

[Event "OP-2013-0-02939"]
[Site "LSS email"]
[Date "2013.08.13"]
[Round "?"]
[White "Furriol Gavalda, Emili"]
[Black "Vontina, Maria"]
[Result "0-1"]
[WhiteElo "1700"]
[BlackElo "790"]
[PlyCount "56"]
[EventDate "2013.08.09"]
[EventType "tourn (corr)"]
[EventRounds "4"]
[EventCountry "GER"]
[SourceTitle "Corr 2022"]
[Source "ChessBase"]
[SourceDate "2021.10.24"]
[SourceVersion "1"]
[SourceVersionDate "2021.10.24"]
[SourceQuality "1"]

1. e4 e6 2. Nf3 d5 3. d3 dxe4 4. d4 exf3 5. Qxf3 Nf6 6. Bb5+ c6 7. Ba4 Be7 8. 0-0 0-0 9. Bf4 Nbd7 10. Nd2 Re8 11. Qg3 Nh5 12. Qg4 Nxf4 13. Rae1 Ng6 14. Nf3 Nf6 15. Qg5 Nd5 16. Qh5 Nf6 17. Qh3 Qb6 18. Ng5 Qxb2 19. Re4 e5 20. Bb3 Bxh3 21. gxh3 Rf8 22. Re2 Qxd4 23. Nf3 Qf4 24. Bd5 Nxd5 25. c4 Nf6 26. Ree1 e4 27. Nd4 Bd6 28. Ne2 Qxh2# 0-1

[Event "OP-2013-0-02939"]
[Site "LSS email"]
[Date "2013.08.13"]
[Round "?"]
[White "Kolanek, Roman"]
[Black "Furriol Gavalda, Emili"]
[Result "1-0"]
[WhiteElo "2093"]
[BlackElo "1700"]
[PlyCount "49"]
[EventDate "2013.08.09"]
[EventType "tourn (corr)"]
[EventRounds "4"]
[EventCountry "GER"]
[SourceTitle "Corr 2022"]
[Source "ChessBase"]
[SourceDate "2021.10.24"]
[SourceVersion "1"]
[SourceVersionDate "2021.10.24"]
[SourceQuality "1"]

1. d4 d5 2. c4 Nf6 3. Nf3 dxc4 4. e3 b5 5. a4 b4 6. Nbd2 c3 7. bxc3 bxc3 8. Nb1 e6 9. Nxc3 Ng4 10. Rb1 Bd6 11. Qc2 0-0 12. Qe4 Bb7 13. Qxb7 Nd7 14. Bd3 Rb8 15. Qc6 Rb6 16. Rxb6 axb6 17. Nb5 Nb8 18. Qc4 e5 19. h3 Re8 20. hxg4 e4 21. Bxe4 Re7 22. Nxd6 Qxd6 23. Bxh7+ Kf8 24. Bc2 Nc6 25. Rh8# 1-0